000 00957nam a22002417a 4500
005 20240111125825.0
008 231215b sp |||||||| |||| 00| 0 spa d
020 _a8449303478
050 0 4 _a B829.5
_bW35 1997
100 1 _aWaldenfels, Bernhard,
_e1934-
240 _aEinführung in die Phänomenologie
245 1 3 _aDe Husserl a Derrida
_b: introducción a la fenomenología
_c / Bernhard Waldenfels ; traductor Wolfgang Wegscheider ; Revisión técnica de Joan-Carles Mèlich
250 _a1a ed.
260 _a Barcelona ;
_bPaidós,
_c1997
300 _a191 p. ;
_c20 cm.
440 _aPaidós Studio ;
_n No. 116
500 _a# 820 Donacion: Dr. Rafael Mendoza 6/JUL./2021
600 _aDerrida, Jacques,
_d(1930-2004)
_xCrítica e interpretación
650 7 _2lemb
_aFenomenología
_xEnsayos, conferencias, etc.
700 1 _aWolfgang Wegscheider
_etraductor
700 1 _aMèlich, Joan-Carles
_eRevisor
942 _2lcc
_cLIB
999 _c169289
_d169287